Management-Zeitschrift io industrielle organisation
Guardado en:
| Formato: | Seriadas |
|---|---|
| Lenguaje: | alemán |
| Publicado: |
Zürich
Verlag Industrielle Organisation BWIETH
1980
|
| Etiquetas: |
Sin Etiquetas, Sea el primero en etiquetar este registro!
|
MARC
| LEADER | 00000nas2a2200000 4500 | ||
|---|---|---|---|
| 001 | 0016268 | ||
| 005 | 20250730114344.1 | ||
| 041 | 0 | |a ger | |
| 044 | |a CH | ||
| 245 | 1 | 0 | |a Management-Zeitschrift io |b industrielle organisation |
| 264 | 1 | |a Zürich |b Verlag Industrielle Organisation BWIETH |c 1980 | |
| 300 | |a 2 zv. | ||
| 773 | 0 | |w eu_un_cat*s123688 | |